Psychodynamic dream symbols - Statistics

General Stats
  • This quiz has been taken 6 times
  • The average score is 7 of 16
Answer Stats
% Correct
hollow things or containers female sex organs
80%
elongated objects like knives, sticks ect male sex organs
80%
water birth
60%
tangles confusion
60%
journeys death
60%
washing hands guilt
60%
actions including climbing, driving, rollercoasters sex
60%
getting new clothes change
40%
respected figures parents
40%
small animals such as rodents insects siblings or children
40%
stains or tears in clothes feel damaged
20%
bumpy roads lack of control
20%
spider overbearing mother
20%
clothes don't fit putting on an act
20%
lots of hair strength
20%
loss of hair weakness
20%
No matching quizzes found
Score Distribution
Percent of People with Each Score
Percentile by Number Answered
Your Score History
You have not taken this quiz